00307nam a2200133Ia 4500003000400000005001700004008004100021020001900062040002700081100001600108245002700124260001300151260000900164OSt20240127122346.0170523s9999 xx 000 0 und d a978-0679762881 ciimt university meerut aGROVE- REWS 0aHIGH OUTPUT MANAGEMENT bNEW YORK c1983